Municipios de Ávila en un mapa - Estadísticas

Estadísticas generales
  • Esta prueba ha sido intentada 96 veces
    89 desde el último reinicio
  • La puntuación promedio es 39 de 250
Respuestas en el mapa
Las respuestas están codificadas por una escala verde-roja en el mapa de la prueba según el % correcto abajo.
 
Estadísticas de respuestas
Respuesta % Correcto
Ávila
88%
Arenas de San Pedro
82%
Arévalo
82%
El Barco de Ávila
79%
Piedrahita
70%
Candeleda
48%
El Tiemblo
48%
Cebreros
45%
Guisando
45%
El Oso
42%
Solosancho
39%
Adanero
36%
Aveinte
36%
El Barraco
36%
La Adrada
36%
La Hija de Dios
36%
Las Navas del Marqués
36%
Muñogalindo
36%
Sotillo de la Adrada
36%
Arevalillo
33%
Casavieja
33%
Gil García
33%
Navarredondilla
33%
Piedralaves
33%
Cabezas de Alambre
30%
Cabezas del Villar
30%
Casasola
30%
Hoyos del Espino
30%
La Colilla
30%
Madrigal de las Altas Torres
30%
Muñana
30%
Nava de Arévalo
30%
Navaluenga
30%
Navarredonda de Gredos
30%
Sanchidrián
30%
San Martín de la Vega del Alberche
30%
Cuevas del Valle
27%
El Arenal
27%
La Torre
27%
Martínez
27%
Mengamuñoz
27%
Nava del Barco
27%
San Juan de Gredos
27%
Albornos
24%
Becedas
24%
Cepeda la Mora
24%
Lanzahita
24%
Malpartida de Corneja
24%
Mombeltrán
24%
Muñico
24%
Muñogrande
24%
Villatoro
24%
Blascomillán
21%
Cabezas del Pozo
21%
Casillas
21%
El Hoyo de Pinares
21%
Flores de Ávila
21%
Fresnedilla
21%
Garganta del Villar
21%
Hoyocasero
21%
Hoyorredondo
21%
La Carrera
21%
Las Berlanas
21%
Mijares
21%
Mingorria
21%
Muñopepe
21%
Navacepedilla de Corneja
21%
Navalonguilla
21%
Pedro Bernardo
21%
Salvadiós
21%
Amavida
18%
Burgohondo
18%
Chamartín
18%
El Parral
18%
Fontiveros
18%
Gallegos de Sobrinos
18%
Hoyos del Collado
18%
Muñosancho
18%
Narros del Castillo
18%
Pajares de Adaja
18%
Peguerinos
18%
San Martín del Pimpollar
18%
Santa María del Cubillo
18%
Solana de Ávila
18%
Barromán
15%
Becedillas
15%
Bohoyo
15%
Cantiveros
15%
Cardeñosa
15%
Crespos
15%
Gallegos de Altamiros
15%
Gavilanes
15%
Gotarrendura
15%
La Horcajada
15%
Langa
15%
Muñotello
15%
Niharra
15%
Puerto Castilla
15%
San Bartolomé de Pinares
15%
Sanchorreja
15%
San Miguel de Corneja
15%
San Pedro del Arroyo
15%
Santa María del Tiétar
15%
Tiñosillos
15%
Umbrías
15%
Valdecasa
15%
Aldeanueva de Santa Cruz
12%
Aldeaseca
12%
Avellaneda
12%
Bonilla de la Sierra
12%
Brabos
12%
Collado de Contreras
12%
Collado del Mirón
12%
El Fresno
12%
Espinosa de los Caballeros
12%
Gimialcón
12%
Hernansancho
12%
La Aldehuela
12%
Maello
12%
Muñomer del Peco
12%
Navahondilla
12%
Navalacruz
12%
Navalmoral
12%
Palacios de Goda
12%
Papatrigo
12%
Rivilla de Barajas
12%
San Esteban del Valle
12%
San Juan de la Encinilla
12%
San Juan de la Nava
12%
Santa María de los Caballeros
12%
Solana de Rioalmar
12%
Tornadizos de Ávila
12%
Villanueva de Gómez
12%
Vita
12%
Bercial de Zapardiel
9%
Blasconuño de Matacabras
9%
Blascosancho
9%
Casas del Puerto
9%
Castellanos de Zarpadiel
9%
Cisla
9%
Donjimeno
9%
El Bohodón
9%
El Mirón
9%
Fuentes de Año
9%
Gemuño
9%
Gilbuena
9%
Gutierre-Muñoz
9%
Herreros de Suso
9%
Higuera de las Dueñas
9%
La Serrada
9%
Mancera de Arriba
9%
Martiherrero
9%
Medinilla
9%
Mesegar de Corneja
9%
Mironcillo
9%
Mirueña de los Infanzones
9%
Navadijos
9%
Navalosa
9%
Navatejares
9%
Ojos-Albos
9%
Padiernos
9%
San Bartolomé de Béjar
9%
San Bartolomé de Corneja
9%
San Lorenzo de Tormes
9%
San Pascual
9%
Santa María del Berrocal
9%
Santiago del Tormes
9%
Tormellas
9%
Velayos
9%
Viñegra de Moraña
9%
Zarpadiel de la Cañada
9%
Bernuy-Zapardiel
6%
Bularros
6%
Cabizuela
6%
Cillán
6%
Constanzana
6%
El Hornillo
6%
El Losar del Barco
6%
Herradón de Pinares
6%
Horcajo de las Torres
6%
Hoyos de Miguel Muñoz
6%
Hurtumpascual
6%
Junciana
6%
Los Llanos del Tormes
6%
Mediana de Voltoya
6%
Monsalupe
6%
Narros del Puerto
6%
Narros de Saldueña
6%
Navalperal de Pinares
6%
Navalperal de Tormes
6%
Navatalgordo
6%
Orbita
6%
Pascualcobo
6%
Pedro-Rodriguez
6%
Peñalba de Ávila
6%
Poyales del Hoyo
6%
Riocabado
6%
San Esteban de los Patos
6%
Santa Cruz del Valle
6%
Santa María del Arroyo
6%
Santiago del Collado
6%
Santo Tomé de Zabarcos
6%
San Vicente de Arévalo
6%
Serranillos
6%
Sinlabajos
6%
Tolbaños
6%
Tórtoles
6%
Villanueva de Ávila
6%
Villarejo del Valle
6%
Canales
3%
Diego del Carpio
3%
Fuente el Saúz
3%
Grandes y San Martín
3%
Mamblas
3%
Marlín
3%
Moraleja de Matacabras
3%
Navaescurial
3%
Navarrevisca
3%
Neila de San Miguel
3%
Pradosegar
3%
Rasueros
3%
Riofrío
3%
Salobral
3%
San Esteban de Zarpadiel
3%
San García de Ingelmos
3%
San Juan del Molinillo
3%
San Juan del Olmo
3%
Santa Cruz de Pinares
3%
Santo Domingo de las Posadas
3%
Sigeres
3%
Villafranca de la Sierra
3%
Villanueva del Aceral
3%
Villanueva del Campillo
3%
Villar de Corneja
3%
Berrocalejo de Aragona
0%
Donvidas
0%
Manjabálago y Ortigosa de Rioalmar
0%
Miguel de Serrezuela
0%
Narrillos del Álamo
0%
Narrilos del Rebollar
0%
Navaquesera
0%
Poveda
0%
Pozanco
0%
Sotalbo
0%
Vadillo de la Sierra
0%
Vega de Santa María
0%
Vilalflor
0%
Zarpadiel de la Ribera
0%
No se encontraron pruebas coincidentes
Distribución de puntuación
Porcentaje de gente con cada puntuación
Porcentaje por número respondido
Historial de tus puntuaciones
No has intentado esta prueba desde el último reinicio